| 000 | 00981nam a22003017a 4500 | ||
|---|---|---|---|
| 003 | CHAP | ||
| 005 | 20220817042458.0 | ||
| 008 | 971013s1976 r 00010 d | ||
| 010 | _a45858 | ||
| 011 | _a46830 | ||
| 035 | _a50971 | ||
| 040 | _cCHAP | ||
| 082 |
_a378.058 _bU5 |
||
| 110 | _aUNESCO | ||
| 245 |
_aGuía de instituciones de enseñanza de la ingeniería _b: Africa, Asia, América Latina, Paris |
||
| 260 |
_aParis : _bUNESCO, _c1976 |
||
| 300 | _a340 p. | ||
| 590 |
_aBATCH-UPD _b10 _c20130110 _lUCH01 _h2156 |
||
| 590 |
_aBATCH-UPD _b10 _c20130410 _lUCH01 _h1504 |
||
| 590 |
_aBATCH-UPD _b10 _c20130914 _lUCH01 _h1245 |
||
| 590 |
_aCONVERSION _b10 _c20130109 _lUCH01 _h1325 |
||
| 650 | 1 | 4 |
_aEducación superior _xDirectorios. _935623 |
| 650 | 1 | 4 |
_aEducación superior _xDirectorios _xAmérica Latina. _935624 |
| 650 | 1 | 4 |
_aIngeniería _xEstudio y enseñanza. _958181 |
| 901 | _aBK | ||
| 942 | _cLIBRO | ||
| 949 |
_a378.058 U5 _bBC _cC _d33724000159844 _eC _h40218 _i50971 _mD _si |
||
| 999 |
_c45858 _d45858 |
||